| 000 | 01328 a2200193 4500 | ||
|---|---|---|---|
| 003 | Nust | ||
| 005 | 20230127143021.0 | ||
| 010 | _a36007374 | ||
| 040 | _cNust | ||
| 082 | _a920,DIC | ||
| 100 |
_aDickens, Charles, _9386 |
||
| 245 |
_aThe life and adventures of Martin Chuzzlewit / _cCharles Dickens; illustrated in colour by C. E. Brock |
||
| 260 |
_aNew York _bDodd, Mead & company _c1935 |
||
| 300 |
_a764 p _bcol. front _ccol. plates _e24 cm |
||
| 505 | _aIntroductory (Page-17), Wherein Certain persons are Presented to the Reader (Page-22), From Which it will appear if Union be Strength (Page-54), Comprises , Among other (Page-106), Town and Dodgers (Page-130), Wherein a Certain gentleman Becomes Par (Page-169), The Burden Whereof is Hail (Page-237), Dose Business With the House of Anthony Chuzzlewit (Page-282) Is a Chapter of Love (Page-309), Report Progress in Certain Homely Matters (Page-360), Mr. Pinch is Discharged of a Duty (Page-450), Further Proceeding in Eden (Page-474), Tom Pinch Departs to Seek his (Page-510), The Pinches Make a New Acquaintance (Page-565), Further Continuation of the Enterprise (Page-598), In Witch the Tables are Turned (Page-726), Give the Author Great Concern (Page-754). | ||
| 600 |
_aDickens, Charles, _9386 |
||
| 650 |
_alife of Martin Chuzzlewit _9107933 |
||
| 942 |
_2ddc _cBK |
||
| 999 |
_c187042 _d187042 |
||